Open Data Biblioteca Nacional de Portugal


República Portuguesa: Ministério da Cultura
Biblioteca Nacional de Portugal

Catálogo da BNP: acesso por Identificadores Unívocos
Registos Bibliográficos associados ao registo de autoridade

Etiqueta de registo: 00000nam 2200025 450
001 2285959
003 http://id.bnportugal.gov.pt/bib/catbnp/2285959
100 ## $a20260507d2024 k y0pory01030103ba
101 0# $aeng$dpor
102 ## $aPT
105 ## $aa m 000yy
106 ## $ar
200 1# $aExplaining software faults in source code$fFrancisco José Torres Ribeiro$gorient. João Alexandre Baptista Vieira Saraiva, Rui Filipe Lima Maranhão de Abreu
210 #9 $a[S.l.$cs.n.],$d2024
215 ## $aXVI, 173 p.$cil.$d30 cm
328 #1 $aTese dout. Informática (MAP-i), Universidade de Aveiro, Universidade do Porto, Escola de Engenharia da Universidade do Minho, 2024
700 #1 $aRibeiro,$bFrancisco José Torres$31997901
702 #1 $aSaraiva,$bJoão Alexandre$4727$31381786
702 #1 $aAbreu,$bRui Maranhão,$f1981-$4727$31474471
801 #0 $aPT$bBN$gRPC
966 ## $lBN$mFGMON$x1
971 ## $corlando$d20260507

OpendataBNP@bnportugal.pt | Mais informação sobre acesso aos dados BNP